| 000 | 00381nam a2200157Ia 4500 | ||
|---|---|---|---|
| 005 | 20240823064049.0 | ||
| 008 | 240823s9999||||xx |||||||||||||| ||und|| | ||
| 082 | _A515.2433 Q1 | ||
| 100 | _aRaghuveer M R | ||
| 245 | 0 | _aWavelet Transforms | |
| 260 |
_c2011 _b"Pearson," |
||
| 500 | _aYES | ||
| 650 |
_aTransformers _bElectronics |
||
| 700 | _a Ajit S Bopardikar | ||
| 942 | _cNB | ||
| 999 |
_c239815 _d239815 |
||